[Event "Trophee Roza Lallemand Online"]
[Site "Tornelo INT"]
[Date "2020.12.13"]
[Round "8"]
[White "Barbelin, Carine"]
[Black "Castagnerol, Cerise"]
[Result "1-0"]
[WhiteElo "1657"]
[BlackElo "1010"]
[PlyCount "109"]
[EventDate "2020.12.13"]
[EventType "swiss (rapid)"]
[EventRounds "9"]
[EventCountry "USA"]
[SourceTitle "EXT 2022"]
[Source "ChessBase"]
[SourceDate "2021.10.06"]
[SourceVersion "1"]
[SourceVersionDate "2021.10.06"]
[SourceQuality "1"]

1. c4 e5 2. Nc3 Nf6 3. d3 Bb4 4. a3 Bxc3+ 5. bxc3 0-0 6. Nf3 Nc6 7. g3 d5 8. cxd5 Nxd5 9. c4 Nb6 10. Bg2 f5 11. 0-0 Nd4 12. Bb2 Nxf3+ 13. Bxf3 Qe7 14. Qb3 Kh8 15. Qc3 e4 16. dxe4 fxe4 17. Bxe4 Na4 18. Qc2 Nxb2 19. Bg2 Qf6 20. Rab1 Bf5 21. e4 Nxc4 22. Qxc4 Be6 23. Qc2 Bc8 24. Qxc7 Rf7 25. Qc2 Qe7 26. Rb3 Rb8 27. Rc3 Bd7 28. Qd2 Rc8 29. Rfc1 Rxc3 30. Rxc3 h6 31. Qd4 a6 32. Rc7 Qe6 33. Rxb7 Bb5 34. Rxf7 Qxf7 35. Bf1 Qa2 36. Bxb5 Qb1+ 37. Kg2 Qxb5 38. Qb4 Qxb4 39. axb4 Kg8 40. Kf3 Kf7 41. Kf4 Kf6 42. e5+ Ke6 43. Ke4 g6 44. f4 h5 45. h3 Ke7 46. Kd5 Kd7 47. e6+ Ke7 48. Ke5 h4 49. gxh4 g5 50. hxg5 Kf8 51. Kd6 Ke8 52. g6 Kf8 53. g7+ Kxg7 54. Kd7 a5 55. bxa5 1-0

[Event "FRA-chT4"]
[Site "Ech Ardennais/La Francheville"]
[Date "2004.12.05"]
[Round "3"]
[White "Barbelin, Carine"]
[Black "Bielka, Samuel"]
[Result "1/2-1/2"]
[WhiteElo "1780"]
[BlackElo "2039"]
[PlyCount "81"]
[EventDate "2004.10.10"]
[EventType "team"]
[EventRounds "3"]
[EventCountry "FRA"]
[SourceTitle "EXT 2007"]
[Source "ChessBase"]
[SourceDate "2006.11.23"]
[SourceVersion "1"]
[SourceVersionDate "2006.11.23"]
[SourceQuality "1"]

1. c4 c6 2. Nf3 d5 3. cxd5 cxd5 4. g3 Nc6 5. Bg2 Nf6 6. d4 Bf5 7. a3 e6 8. 0-0 Bd6 9. Nc3 h6 10. Re1 0-0 11. b4 Rc8 12. Bb2 Ne4 13. Rc1 Nxc3 14. Rxc3 Be4 15. Qd2 Qf6 16. Rec1 Rcd8 17. Ba1 Bxf3 18. Rxf3 Qg6 19. Qd3 Qxd3 20. Rxd3 Rc8 21. Rdc3 a5 22. b5 Ne7 23. Rxc8 Rxc8 24. Bb2 Rxc1+ 25. Bxc1 Nc8 26. e3 Nb6 27. Bf1 Kf8 28. Bd3 Ke7 29. Bc2 Nc4 30. a4 Bb4 31. Kg2 Bc3 32. h4 Kd6 33. Kf1 f6 34. Ke2 e5 35. dxe5+ fxe5 36. f3 Kc5 37. g4 Kb4 38. Kd3 Be1 39. h5 Bc3 40. Bd1 Bb2 41. Bd2+ 1/2-1/2

[Event "FRA-chT4"]
[Site "Ech Ardennais/La Francheville"]
[Date "2004.10.10"]
[Round "1"]
[White "Melin, Georges"]
[Black "Barbelin, Carine"]
[Result "0-1"]
[WhiteElo "1690"]
[BlackElo "1780"]
[PlyCount "84"]
[EventDate "2004.10.10"]
[EventType "team"]
[EventRounds "3"]
[EventCountry "FRA"]
[SourceTitle "EXT 2007"]
[Source "ChessBase"]
[SourceDate "2006.11.23"]
[SourceVersion "1"]
[SourceVersionDate "2006.11.23"]
[SourceQuality "1"]

1. Nf3 Nf6 2. b3 d6 3. d4 Nbd7 4. Bb2 d5 5. e3 e6 6. Ba3 Bxa3 7. Nxa3 c5 8. Nb1 0-0 9. Be2 b6 10. 0-0 Bb7 11. Nc3 Rc8 12. Nb5 a5 13. Nd6 Rc7 14. Qd3 Nb8 15. Nb5 Ba6 16. c4 dxc4 17. bxc4 Bxb5 18. cxb5 c4 19. Qc2 c3 20. Rfc1 Qd6 21. Ne5 Rfc8 22. Bd3 g6 23. h4 Nbd7 24. f4 Nd5 25. Nc6 Nxe3 26. Qxc3 Qxf4 27. Qd2 Kg7 28. Rf1 Qh6 29. Rf3 Nf5 30. Qb2 Qxh4 31. d5+ Qf6 32. Qxf6+ Nxf6 33. Bxf5 exf5 34. d6 Rd7 35. Rd1 Ne4 36. Rfd3 Re8 37. Nd4 Kf8 38. Nc6 Re6 39. Nb8 Rdxd6 40. a4 Rxd3 41. Rxd3 Nc5 42. Rd2 Nxa4 0-1

[Event "France-ch U18 Girls"]
[Site "Reims"]
[Date "2004.04.20"]
[Round "4"]
[White "Maupin, Valerie"]
[Black "Barbelin, Carine"]
[Result "1-0"]
[WhiteElo "2035"]
[BlackElo "1680"]
[PlyCount "97"]
[EventDate "2004.04.??"]
[EventType "swiss"]
[EventRounds "9"]
[EventCountry "FRA"]
[SourceTitle "EXT 2005"]
[Source "ChessBase"]
[SourceDate "2004.11.15"]
[SourceVersion "1"]
[SourceVersionDate "2004.11.15"]
[SourceQuality "1"]

1. d4 d5 2. c4 e6 3. Nc3 Nf6 4. Bg5 Nbd7 5. Nf3 c6 6. e3 Qa5 7. Nd2 Bb4 8. Qc2 0-0 9. Be2 dxc4 10. Bxf6 Nxf6 11. Nxc4 Qc7 12. a3 Bd6 13. Nxd6 Qxd6 14. 0-0 b6 15. Rad1 Bb7 16. e4 Qf4 17. h3 Rfd8 18. Bf3 Rac8 19. Rfe1 Qg5 20. Qa4 a6 21. Qb4 b5 22. Qa5 Rd7 23. Na4 Rcd8 24. Nc5 Rxd4 25. Nxb7 R8d7 26. Qxa6 g6 27. Qxc6 Rc4 28. Qb6 Qe5 29. Rxd7 Nxd7 30. Qd8+ Nf8 31. Qd2 Ra4 32. Rc1 Ra7 33. Nc5 Rc7 34. b4 Qf6 35. Be2 e5 36. Bxb5 Qb6 37. Bc4 Ra7 38. Qd3 Qc7 39. a4 Ra8 40. a5 Rd8 41. Qc3 Rd4 42. Bd5 Qb8 43. Rb1 Qc8 44. Qf3 Qc7 45. a6 Rd2 46. Qf6 Rc2 47. Qc6 Qe7 48. Qa4 Rd2 49. a7 1-0